000 00648cam a22002293a 4500
001 10539
003 PGUSA
005 20140828083226.0
008 031201s2003||||xxu|||||s|||||000 | eng d
040 _aPGUSA
_beng
042 _adc
050 4 _aSF
100 1 _aBrowne, Theo. Stephenson
245 1 0 _aIn the Riding-School; Chats with Esmeralda
_h[electronic resource] /
_cTheo. Stephenson Browne
260 _bProject Gutenberg,
_c2003
506 _aPublic domain in the USA.
516 _aElectronic text
653 _aHorsemanship
830 0 _aProject Gutenberg
_v10539
856 4 0 _uhttp://www.gutenberg.org/ebooks/10539
942 _cEB
999 _c239794
_d239794